Mobile Corporation Ushering The Wireless Advantage (Record no. 323049)

MARC details
000 -LEADER
fixed length control field 00451nam a2200157Ia 4500
008 - FIXED-LENGTH DATA ELEMENTS--GENERAL INFORMATION
fixed length control field 230718s9999 xx 000 0 und d
041 ## - LANGUAGE CODE
Language code of text/sound track or separate title eng
082 ## - DEWEY DECIMAL CLASSIFICATION NUMBER
Classification number 621.3845
Item number KRI
100 ## - MAIN ENTRY--PERSONAL NAME
Personal name Krishna S.J.
245 ## - TITLE STATEMENT
Title Mobile Corporation Ushering The Wireless Advantage
260 ## - PUBLICATION, DISTRIBUTION, ETC. (IMPRINT)
Date of publication, distribution, etc. 2006
Name of publisher, distributor, etc. ICFAI Books
300 ## - PHYSICAL DESCRIPTION
Extent 389
365 ## - TRADE PRICE
Currency code Rs.
Price amount 250.00
700 ## - ADDED ENTRY--PERSONAL NAME
Personal name Krishna S.J. & Sivudu A.K.Ed.
9 (RLIN) 190836
906 ## - LOCAL DATA ELEMENT F, LDF (RLIN)
d O:0037705-Nov-2009B:32430-Sep-2009
c IT
b 50
Holdings
Withdrawn status Lost status Damaged status Not for loan Home library Current library Date acquired Vendor Budget Code Cost, normal purchase price Bill number Total Checkouts Full call number Barcode Date last seen Discount Cost, replacement price Bill Date Koha item type Original Barcode
        Cummins College of Engineering for Women Pune Cummins College of Engineering for Women Pune 05/11/2009 Pradeep Book Distributors IT 200.00 324   621.3845 CCEP-BK-34256 18/07/2023 50 250.00 30/09/2009 Books 034256